Running Microsoft FrontPage 98 / (Record no. 872)

MARC details
000 -LEADER
fixed length control field 01071cam a2200289 a 4500
001 - CONTROL NUMBER
control field 4017535
003 - CONTROL NUMBER IDENTIFIER
control field OSt
005 - DATE AND TIME OF LATEST TRANSACTION
control field 20150112154220.0
008 - FIXED-LENGTH DATA ELEMENTS--GENERAL INFORMATION
fixed length control field 970717s1997 waua 001 0 eng
010 ## - LIBRARY OF CONGRESS CONTROL NUMBER
LC control number 97033680
020 ## - INTERNATIONAL STANDARD BOOK NUMBER
International Standard Book Number 1572316454
040 ## - CATALOGING SOURCE
Original cataloging agency DLC
Transcribing agency DLC
Modifying agency DLC
050 00 - LIBRARY OF CONGRESS CALL NUMBER
Classification number TK5105.8885.F76
Item number B88 1997
082 00 - DEWEY DECIMAL CLASSIFICATION NUMBER
Classification number 005.7
Edition number 21
Item number BUY 1997
100 1# - MAIN ENTRY--PERSONAL NAME
Personal name Buyens, Jim.
9 (RLIN) 2361
245 00 - TITLE STATEMENT
Title Running Microsoft FrontPage 98 /
Statement of responsibility, etc. Jim Buyens.
260 ## - PUBLICATION, DISTRIBUTION, ETC. (IMPRINT)
Place of publication, distribution, etc. Redmond, Wash. :
Name of publisher, distributor, etc. Microsoft Press,
Date of publication, distribution, etc. 1997.
300 ## - PHYSICAL DESCRIPTION
Extent xxxi, 656 p. :
Other physical details ill. ;
Dimensions 23 cm. +
Accompanying material 1 computer laser optical disc (4 3/4 in.)
500 ## - GENERAL NOTE
General note Includes index.
538 ## - SYSTEM DETAILS NOTE
System details note System requirements for accompanying computer disc: IBM-compatible PC; Windows 95; Windows NT 4.0.
630 00 - SUBJECT ADDED ENTRY--UNIFORM TITLE
Uniform title Microsoft FrontPage.
9 (RLIN) 2362
650 #0 - SUBJECT ADDED ENTRY--TOPICAL TERM
Topical term or geographic name as entry element Web sites.
9 (RLIN) 2363
650 #0 - SUBJECT ADDED ENTRY--TOPICAL TERM
Topical term or geographic name as entry element Web publishing.
9 (RLIN) 2364
906 ## - LOCAL DATA ELEMENT F, LDF (RLIN)
a 7
b cbc
c orignew
d 1
e ocip
f 19
g y-gencatlg
942 ## - ADDED ENTRY ELEMENTS (KOHA)
Source of classification or shelving scheme Dewey Decimal Classification
Koha item type Short Loan
Holdings
Withdrawn status Lost status Source of classification or shelving scheme Damaged status Not for loan Home library Current library Date acquired Inventory number Total Checkouts Full call number Barcode Date last seen Price effective from Koha item type
    Dewey Decimal Classification     MUST Main Library MUST Main Library 12/01/2015 2000/13491   005.7 BUY 1997 2015-0054 12/01/2015 12/01/2015 Short Loan